Österreichische Bundesländer - Sudden Death - Statistiken

Allgemein
  • Dieses Quiz wurde 17.251 mal gespielt
  • Das Durchschnittsergebnis liegt bei 6 aus 9
Answers on the Grid
Answers color-coded by a green-red scale on the quiz's grid according to % correct below.
Alpenland
Böhmen
Bregenz
Burgen­land
Burgund
Donau
Garda
Graz
Kärnten
Klagenfurt
Linz
Lothringen
Nieder­österreich
Ober­österreich
Salzburg
Sankt Pölten
Schwarzwald
Steier­mark
Südbayern
Tirol
Vaduz
Villach
Vorarl­berg
Wien
Zentralösterreich
Zug
 
Antwortstatistiken
Antwort % Korrekt
Burgen­land
76%
Nieder­österreich
75%
Ober­österreich
73%
Tirol
73%
Kärnten
72%
Wien
71%
Steier­mark
69%
Vorarl­berg
66%
Salzburg
64%
Keine übereinstimmenden Quizze gefunden
Verteilung der Resultate
Anzahl Personen mit jedem Resultat
Perzentil nach korrekt beantworteten Fragen
Ihre Resultats-Entwicklung
Sie haben dieses Quiz noch nicht gespielt